The Concise Oxford Dictionary of Current English (Record no. 19313)

MARC details
000 -LEADER
fixed length control field 00548nam a2200217 a 4500
020 ## - INTERNATIONAL STANDARD BOOK NUMBER
ISBN
082 00 - DEWEY DECIMAL CLASSIFICATION NUMBER
Classification number 423
Author Cutter FOW
100 ## - MAIN ENTRY--AUTHOR NAME
Author name Fowler, H W
245 ## - TITLE STATEMENT
Title The Concise Oxford Dictionary of Current English
260 ## - PUBLICATION, DISTRIBUTION, ETC. (IMPRINT)
Place of publication London
Name of publisher Oxford University Press
Year of publication 1964
300 ## - PHYSICAL DESCRIPTION
Number of Pages 1555p
500 ## - GENERAL NOTE
General note includes index and biblioraphy
650 ## - SUBJECT ADDED ENTRY--TOPICAL TERM
Topical Term Dictionary-English
942 ## - ADDED ENTRY ELEMENTS (KOHA)
Koha item type Books
Holdings
Collection code Home library Current library Shelving location Date acquired Cost, normal purchase price Full call number Accession Number Koha item type
Reference Henry Martyn Institute Library Henry Martyn Institute Library Reference 02/05/2010 1000.00 423 FOW 11002109 Books
                   Copyright © 2026 | Henry Martyn Institute | Hyderabad | TS-500052 | INDIA | Implemented by hmi.edu.in
Hit-Count:

Powered by Koha